Essays in American literature / (Record no. 128798)

MARC details
000 -LEADER
fixed length control field 00668nam a22002417a 4500
005 - DATE AND TIME OF LATEST TRANSACTION
control field 20170124110045.0
010 ## - LIBRARY OF CONGRESS CONTROL NUMBER
LC control number A-459728
020 ## - INTERNATIONAL STANDARD BOOK NUMBER
Terms of availability 00.00
035 ## - SYSTEM CONTROL NUMBER
System control number A-459728
037 ## - SOURCE OF ACQUISITION
Source of stock number/acquisition Cen Lib/Ret
040 ## - CATALOGING SOURCE
Original cataloging agency DPL
Language of cataloging EN
082 ## - DEWEY DECIMAL CLASSIFICATION NUMBER
Classification number 884
Item number SHA
100 ## - MAIN ENTRY--PERSONAL NAME
Personal name Sharma, Brahma Dutta
9 (RLIN) 24467
245 ## - TITLE STATEMENT
Title Essays in American literature /
Statement of responsibility, etc by Brahma Dutta Sharma
260 ## - PUBLICATION, DISTRIBUTION, ETC. (IMPRINT)
Place of publication, distribution, etc Delhi
Name of publisher, distributor, etc R.K. publishers
Date of publication, distribution, etc 1991
270 ## - ADDRESS
City Delhi
Address 30. Baburpura Bulandshahar
Postal code 203001
300 ## - PHYSICAL DESCRIPTION
Extent 249p.
Dimensions 21cm(Hb)
650 ## - SUBJECT ADDED ENTRY--TOPICAL TERM
Topical term or geographic name as entry element Literature
9 (RLIN) 6262
650 ## - SUBJECT ADDED ENTRY--TOPICAL TERM
Topical term or geographic name as entry element American literature
9 (RLIN) 23223
700 ## - ADDED ENTRY--PERSONAL NAME
9 (RLIN) 24278
700 ## - ADDED ENTRY--PERSONAL NAME
9 (RLIN) 24373
942 ## - ADDED ENTRY ELEMENTS (KOHA)
Source of classification or shelving scheme Dewey Decimal Classification
Koha item type English Books
Classification part 884
Call number suffix SHA
Holdings
Withdrawn status Lost status Damaged status Not for loan Home library Current library Date acquired Source of acquisition Cost, normal purchase price Total Checkouts Full call number Barcode Date last seen Copy number Cost, replacement price Price effective from Koha item type
        Central Library Central Library 03/07/2015 Cen Lib/Ret 0.00   884 SHA A-459728 03/07/2015 1 0.00 03/07/2015 English Books

© Delhi Public Library
Hit Counter
free hit counter